000 02174cam a22006254i 4500
003 PE-LiUPU
005 20250731170445.0
008 150706s2007 sp a rb 000 0 spa d
020 _a8436821351
020 _a9788436821352
035 _a(Sirsi) i9788436821352
040 _aPE-LiUPU
_bspa
_cPE-LiUPU
_dPE-LiUPU
_erda
049 _aPRUA
082 0 4 _a159.97
_bC65
_221
100 1 _aCobos Álvarez, Pilar,
_eautor.
245 1 3 _aEl desarrollo psicomotor y sus alteraciones :
_bmanual práctico para evaluarlo y favorecerlo /
_cPilar Cobos Álvarez.
264 1 _aMadrid :
_bPirámide,
_c2007.
300 _a181 páginas :
_bilustraciones ;
_c23 centímetros.
336 _atext
_2rdacontent
337 _aunmediated
_2rdamedia
338 _avolume
_2rdacarrier
490 0 _aColección "Ojos solares". Sección Tratamiento
504 _aIncluye bibliografía.
505 0 _a¿Qué le ocurre a mi hijo? Delimitación de conceptos -- Trastornos psicomotores más representativos -- Evaluación del desarrollo psicomotor -- Práctica psicomotriz -- Lecturas recomendadas.
526 _aSEG68
526 _aSEG70
526 _aSEG69
526 _aSEG67
526 _aSEG43
526 _aP144
526 _aP143
526 _aP131
526 _aP122
526 _aP120
526 _aP117
526 _aP112
526 _aP110
526 _aP106
526 _aP101
526 _aP80
526 _aP59
526 _aP54
526 _aP35
526 _aP33
526 _aP30
541 _g001-0114464;
650 0 4 _aPsicomotricidad.
651 _aTrastornos psicomotores en niños.
910 _blch
_clch
_d20090603
942 _2ddc
_cBOOK
949 _a159.97 C65
_wDEWEY
_c1
_i59692
_d2015-11-26
_e2015-11-26
_lCCODEBUL1
_mBUL
_n1
_p19.00
_r0
_sY
_tBOOK
_u2015-7-6
_xSALUD
_PP20
_0COMPRA
_o.STAFF. Colección Ciencias de la Salud
994 _aC0
_bPEPRU
596 _a1
999 _a159.97 C65
_wDEWEY
_c49243
_i59692
_d49243
_e2015-11-26
_f2021-11-3
_g5
_lCCODEBUL1
_mBUL
_n1
_p19.00
_q1
_r0
_sY
_tBOOK
_u2015-7-6
_xSALUD
_zP20
_0COMPRA
_o.STAFF.
980 _81
_gALBERTO SANCHEZ Responsable de Automatización